000 00319nam a22001337a 4500
008 170526b xxu||||| |||| 00| 0 eng d
020 _a9780766808416
041 _aeng
080 _27 ED
_a62
100 _a62
101 _aIM
245 _aBASIC BLUEPRINT READING AND SKETCHING
_cOLIVO.C TH
942 _2udc
_cBK
999 _c14558
_d14558